EÚ - legislatívny proces v potravinárstve označovanie potravín - chyby a nedostatky

Označenie potravín predstavuje prvý kontakt spotrebiteľa s predávaným tovarom. Potravinová legislatíva. Základné nedostatky. Označovanie trvanlivosti a výrobnej dávky. Zakázané tvrdenia o potravinách.

Saved in:
Bibliographic Details
Main Author: Cserei, Pavol
Format: Book Chapter
Language:Slovak
Subjects:
Tags: Add Tag
No Tags, Be the first to tag this record!

MARC

LEADER 00000naa$a2200000$$$4500
001 0008539
005 20231005104320.4
041 0 |a slo 
044 |a SK 
245 1 0 |a EÚ - legislatívny proces v potravinárstve  |b označovanie potravín - chyby a nedostatky  |c aut. Pavol Cserei 
520 |a Označenie potravín predstavuje prvý kontakt spotrebiteľa s predávaným tovarom. Potravinová legislatíva. Základné nedostatky. Označovanie trvanlivosti a výrobnej dávky. Zakázané tvrdenia o potravinách. 
610 2 0 |a potravinárstvo 
610 2 0 |a legislatíva 
610 2 0 |a Európska únia 
610 2 0 |a označovanie tovarov 
610 2 0 |a potraviny 
100 1 |a Cserei, Pavol